Horolezectvo : Encyklopédia /

Saved in:
Bibliographic Details
Main Author: Dieška, Ivan (xxx)
Format: Book
Language:Slovak
Published: Bratislava : Šport, 1989
Edition:1.vyd.
Subjects:
Tags: Add Tag
No Tags, Be the first to tag this record!

MARC

LEADER 00000nam a22000003a 4500
001 stu36949
005 20150617225728.7
008 920625s1989----cs------------------slo-d
040 |a STU  |b slo 
041 0 |a slo 
044 |a cs 
080 |a 796.52(031) 
100 1 |a Dieška, Ivan  |4 xxx 
245 1 |a Horolezectvo :  |b Encyklopédia /  |c Ivan Dieška a kol 
250 |a 1.vyd. 
260 |a Bratislava :  |b Šport,  |c 1989 
300 |a 354 s 
650 7 |a horolezectvo  |2 stusub 
650 7 |a encyklopédie  |2 stusub 
996 |b 284M039949  |c M*6645-1  |l MMKN  |s A  |a 24  |w stu36949_0001